Elementary classical physics / (Record no. 26336)

MARC details
000 -LEADER
fixed length control field 01209cam a2200301 ic4500
001 - CONTROL NUMBER
control field 3606998
003 - CONTROL NUMBER IDENTIFIER
control field EG-ScBUE
005 - DATE AND TIME OF LATEST TRANSACTION
control field 20250317091442.0
008 - FIXED-LENGTH DATA ELEMENTS--GENERAL INFORMATION
fixed length control field 730320t1973 maua f 001 0 eng d
040 ## - CATALOGING SOURCE
Original cataloging agency EG-ScBUE
Language of cataloging eng
Description conventions rda
Transcribing agency EG-ScBUE
Modifying agency EG-ScBUE
082 04 - DEWEY DECIMAL CLASSIFICATION NUMBER
Edition number 22
Classification number 530
Item number WEI
100 1# - MAIN ENTRY--PERSONAL NAME
Personal name Weidner, Richard T.,
Relator term author.
245 10 - TITLE STATEMENT
Title Elementary classical physics /
Statement of responsibility, etc Richard T. Weidner, professor of physics, Rutgers University, New Brunswick, New Jersey, Robert L. Sells, professor of physics, State University College of Arts and Sciences, Geneseo, New York.
250 ## - EDITION STATEMENT
Edition statement Second edition.
264 #1 - PUBLICATION, DISTRIBUTION, ETC. (IMPRINT)
Place of publication, distribution, etc Atlantic Avenue, Boston :
Name of publisher, distributor, etc Allyn and Bacon, Inc.,
Date of publication, distribution, etc [1973]
264 #4 - PUBLICATION, DISTRIBUTION, ETC. (IMPRINT)
Date of publication, distribution, etc c1973
300 ## - PHYSICAL DESCRIPTION
Extent 2 volumes :
Other physical details illustrations ;
Dimensions 24 cm
336 ## - CONTENT TYPE
Source rdacontent
Content type term text
Content type code txt
337 ## - MEDIA TYPE
Media type term unmediated
Source rdamedia
Media type code n
338 ## - CARRIER TYPE
Carrier type term volume
Carrier type code nc
Source rdacarrier
500 ## - GENERAL NOTE
General note Includes index.
500 ## - GENERAL NOTE
General note Includes Appendices.<br/>
505 2# - FORMATTED CONTENTS NOTE
Formatted contents note Volume 1. Mechanics, mechanical waves, kinetic theory, thermodynamics -- Volume 2. Electromagnetism electromagnetic wave phenomena optics.
650 #7 - SUBJECT ADDED ENTRY--TOPICAL TERM
Topical term or geographic name as entry element Physics.
Source of heading or term BUEsh
9 (RLIN) 4340
655 ## - INDEX TERM--GENRE/FORM
Form subdivision Reading book
700 1# - ADDED ENTRY--PERSONAL NAME
Personal name Sells, Robert L.,
Relator term author.
942 ## - ADDED ENTRY ELEMENTS (KOHA)
Source of classification or shelving scheme Dewey Decimal Classification
Koha item type Book - Borrowing
Holdings
Withdrawn status Lost status Source of classification or shelving scheme Damaged status Not for loan Collection code Home library Current library Shelving location Date acquired Total Checkouts Full call number Barcode Date last seen Price effective from Koha item type
    Dewey Decimal Classification     Baccah Central Library Central Library First floor 18/03/2018   530 WEI 000047438 15/07/2025 18/03/2018 Book - Borrowing